000 00261nam a2200109Ia 4500
008 201231s9999 xx 000 0 und d
100 _aNorton, Peter
245 0 _aPeter Norton's Inside The PC
260 _aNew Delhi
_bPrentice Hall
300 _a627
942 _cBK
999 _c9783
_d9783